Analytic philosophy (Record no. 126570)
[ view plain ]
| 000 -LEADER | |
|---|---|
| fixed length control field | 00559nam a2200241Ia 4500 |
| 003 - CONTROL NUMBER IDENTIFIER | |
| control field | 0100 |
| 005 - DATE AND TIME OF LATEST TRANSACTION | |
| control field | 20170727090732.0 |
| 008 - FIXED-LENGTH DATA ELEMENTS--GENERAL INFORMATION | |
| fixed length control field | 130303s9999 xx 000 0 und d |
| 040 ## - CATALOGING SOURCE | |
| Transcribing agency | ARRUPELIB |
| 050 ## - LIBRARY OF CONGRESS CALL NUMBER | |
| Classification number | B808.5.G76 |
| 300 ## - PHYSICAL DESCRIPTION | |
| Other physical details | 22cm. |
| 100 ## - MAIN ENTRY--PERSONAL NAME | |
| Personal name | Gross, Barry R |
| 9 (RLIN) | 33610 |
| 245 ## - TITLE STATEMENT | |
| Title | Analytic philosophy |
| 245 ## - TITLE STATEMENT | |
| Remainder of title | an historical introduction |
| 260 ## - PUBLICATION, DISTRIBUTION, ETC. (IMPRINT) | |
| Name of publisher, distributor, etc | Pegasus |
| Place of publication, distribution, etc | New York |
| Date of publication, distribution, etc | 1970 |
| 300 ## - PHYSICAL DESCRIPTION | |
| Extent | 245p. |
| 440 ## - SERIES STATEMENT/ADDED ENTRY--TITLE | |
| Title | Pegasus traditions in philosophy |
| 9 (RLIN) | 33611 |
| 650 ## - SUBJECT ADDED ENTRY--TOPICAL TERM | |
| Topical term or geographic name as entry element | PHILOSOPHY |
| 9 (RLIN) | 33612 |
| 650 ## - SUBJECT ADDED ENTRY--TOPICAL TERM | |
| Topical term or geographic name as entry element | Analytic philosophy |
| 9 (RLIN) | 33613 |
| 650 ## - SUBJECT ADDED ENTRY--TOPICAL TERM | |
| Location of event | Contemplation |
| 9 (RLIN) | 33614 |
| 942 00 - ADDED ENTRY ELEMENTS (KOHA) | |
| Koha issues (borrowed), all copies | 3 |
| Source of classification or shelving scheme | Library of Congress Classification |
| Koha item type | Monograph ( Printed materials) |
No items available.